|
|
|
|
| LEADER |
00655cam a2200181 a 4500 |
| 008 |
941121s1994 enka b 001 0 eng d |
| 020 |
|
|
|a 0521433053
|
| 080 |
|
|
|a 51-72
|b CHA
|
| 100 |
1 |
|
|a Chari, Vyjayanthi.
|9 1173
|
| 245 |
1 |
2 |
|a Guide to quantum groups /
|c Vyjayanthi Chari, Andrew Pressley.
|
| 260 |
|
|
|a Cambridge ;
|a New York, N.Y. :
|b Cambridge University Press,
|c 1994.
|
| 300 |
|
|
|a xv, 651 p. :
|b ill. ;
|
| 653 |
|
|
|a Quantum groups
|
| 700 |
1 |
|
|a Chari, Vyjayanthi.
|9 1174
|
| 700 |
1 |
|
|a Pressley, Andrew.
|9 1175
|
| 942 |
|
|
|c BK
|6 _
|
| 999 |
|
|
|c 216891
|d 216891
|
| 952 |
|
|
|0 0
|1 0
|4 0
|6 5172_CHA
|7 0
|9 281070
|a MAT
|b MAT
|d 2009-11-03
|o 51-72 CHA
|p MAT05113
|r 2009-11-03
|t 1
|w 2009-11-03
|y BK
|